000 00368nam a2200145 a 4500
008 001031s1989||||xx 0 und c
040 _aSNK
_bslo
_cSNK
_eAACR2
100 1 _aDostojevskij, Fjodor Michajlovič
245 1 0 _aZápisky z podzemia. Zlý žart
260 _aBratislava
_bSmena
_c1989
300 _a178 s.
044 _axo
_cSK
041 _aslo
020 _c23
999 _c10376
_d10376